Cable Channels: Real or Fake? Quiz Stats

Quiz Updated Mar 1, 2016

Also try: Channel Surfing
Challenge
Share
Tweet
Embed
Score 0/50 Timer 03:00
1 Play Today
% Correct
Nickelodeon
94.9%
Discovery
94.7%
Cartoon Network
94.6%
Disney
94.4%
ESPN
94.4%
CNN
94.3%
HBO
94.2%
Comedy Central
94.1%
Food Network
94%
MTV
93.9%
Fox News
93.9%
National Geographic
93.8%
Animal Planet
93.6%
History
92.9%
Showtime
92.8%
TNT
92.6%
Bravo
92.5%
Lifetime
92.4%
FX
91.3%
Syfy
91%
VH1
90.8%
Spike
90.7%
E!
90.6%
BBC America
90.6%
TLC
90.5%
% Correct
TBS
90.2%
AMC
90.1%
A&E
89.9%
CNBC
89.9%
MSNBC
89.3%
Cinemax
89.2%
HGTV
88.3%
Starz
88.3%
BET
87.7%
USA
87.3%
Oxygen
86.6%
Encore
86.3%
Telemundo
84.1%
QVC
82.2%
HSN
79%
Univision
77.9%
GSN
75.7%
OWN
75.5%
Fuse
71%
Ion
69.7%
IFC
65.9%
Reelz
65.7%
Smithsonian
60.6%
Logo
53.2%
Freeform
41.9%

You're not logged in!

Compare scores with friends on all Sporcle quizzes.
Sign Up with Email
OR
Log In

You Might Also Like...

Show Comments

Extras

Top Quizzes Today


Score Distribution

Your Account Isn't Verified!

In order to create a playlist on Sporcle, you need to verify the email address you used during registration. Go to your Sporcle Settings to finish the process.